Govt. of
Madhya Pradesh

अपराधी (Record no. 9671)

MARC details
000 -LEADER
fixed length control field 004620000a22001570004500
003 - CONTROL NUMBER IDENTIFIER
control field MACL
005 - DATE AND TIME OF LATEST TRANSACTION
control field 20171117130517.0
008 - FIXED-LENGTH DATA ELEMENTS--GENERAL INFORMATION
fixed length control field 171117b xxu||||| |||| 00| 0 eng d
040 ## - CATALOGING SOURCE
Transcribing agency macl
100 ## - MAIN ENTRY--PERSONAL NAME
Personal name डॉ. हरिप्रसाद
9 (RLIN) 46546
245 ## - TITLE STATEMENT
Title अपराधी
260 ## - PUBLICATION, DISTRIBUTION, ETC. (IMPRINT)
Name of publisher, distributor, etc. चिंतन प्रकाशन
Date of publication, distribution, etc. 2000
Place of publication, distribution, etc. दिल्‍ली
350 ## - PRICE (NR) (BK AM CF MU VM SE) [OBSOLETE]
Price 175
650 ## - SUBJECT ADDED ENTRY--TOPICAL TERM
Topical term or geographic name as entry element उपन्‍यास
9 (RLIN) 69455
942 ## - ADDED ENTRY ELEMENTS (KOHA)
Koha item type Hindi Books
Call number prefix 891.433/THA/N
Source of classification or shelving scheme
Holdings
Withdrawn status Lost status Source of classification or shelving scheme Damaged status Not for loan Home library Current library Shelving location Date acquired Total Checkouts Total Renewals Full call number Barcode Date last seen Date last checked out Uniform Resource Identifier Price effective from Koha item type
          MACL MACL Fiction 17/11/2017 6 1 891.433/THA/N BOOK CRH013475 16/11/2025 06/11/2025 9559 15/04/2015 Books